| 000 | 006690000a22001930004500 | ||
|---|---|---|---|
| 090 |
_aAR _b00598 |
||
| 245 | 1 | 0 | _aManatee mortality in Florida during 1978 |
| 650 | 1 | 4 |
_aMamíferos acuáticos _993274 |
| 650 | 1 | 4 |
_aCausas de mortalidad _993670 |
| 650 | 1 | 4 |
_aNecrología _993691 |
| 651 | 4 |
_dFlorida _pEstados Unidos _992749 |
|
| 653 |
_gTrichechus _eTrichechus manatus _vmanatí |
||
| 041 | 0 | _aInglés | |
| 700 | 1 |
_aBonde, Robert K. _993283 |
|
| 700 | 1 |
_aOdell, Daniel K. _993308 |
|
| 100 | 1 |
_aBeck, Cathy A. _993254 |
|
| 942 | _cARTICULO | ||
| 773 | 1 |
_tWest Indian Manatee in Florida: proceedings of a workshop held in Orlando / Ed. R. L. Brownell K. Ralls _3230 _q76-85 _d1978 |
|
| 999 |
_c9690 _d9690 |
||